Normal view
MARC view
- Reforma educativa
Entry Materia
001 - NÚMERO DE CONTROL DEL REGISTRO
- campo de control: 46842
003 - IDENTIFICADOR DE NUMERO DE CONTROL
- campo de control: MX-MxUPN
005 - FECHA Y HORA DE LA ÚLTIMA TRANSACCIÓN
- campo de control: 20260323220648.0
008 - DATOS DE LONGITUD FIJA
- campo de control de longitud fija: 220927dn fnnnnbabc a ana d
040 ## - FUENTE DE LA CATALOGACIÓN
- Centro catalogador de origen: MX-MxUPN
- Lengua de catalogación: spa
150 ## - ENCABEZAMIENTO - TEMÁTICO
- Término de materia o nombre geográfico como elemento inicial: Reforma educativa
- Subdivisión geográfica: México
- Subdivisión de materia general: Historia
- Subdivisión cronológica: Siglo XXI
450 ## - VÉASE - MATERIA
- Encabezamiento temático: Cambio educativo
- Subdivisión geográfica: México
- Subdivisión temática general: Historia
- Subdivisión cronológica: Siglo XXI
- Subcampo de control: nno
670 ## - FUENTE EN LA QUE SE LOCALIZARON DATOS
- Cita de la fuente: Autoridades BGTQ, 27 septiembre 2022:
- Información localizada: (Cambio educativo -- México -- Historia -- Siglo XIX)
670 ## - FUENTE EN LA QUE SE LOCALIZARON DATOS
- Cita de la fuente: Autoridades BGTQ, 23 marzo 2026:
- Información localizada: (Cambio educativo -- México -- Historia -- Siglo XXI)
902 ## - CATALOGADOR
- Catalogador: VAGG/270922
- Catalogador: VíctorGodínez/230326
